Risk Management and Insurance Review

Bibliographic Details
Format: eBook
Language:English
Published: Hoboken: Wiley, 1997 -
Subjects:
Online Access:Acceso restringido

MARC

LEADER 00000nam a22000007a 4500
005 2021040704474.0
007 cr|||| ||||
008 210407c19979999us ar|w s|||| 0|||b1eng d
022 |a 1098-1616 
035 |z 32931 
040 |a vLex 
090 |c 11407  |d 11407 
245 0 0 |a Risk Management and Insurance Review  |h [Recurso electrn̤ico] / 
256 |a Servicio en ln̕ea 
260 |a Hoboken:  |b Wiley,  |c 1997 - 
300 |a 1 recurso electrn̤ico 
310 |a Anual 
362 |a Nð 1-1 (Jul. 1997) - 
506 1 |a Disponible solo en los productos indicados  |d vLex Global  |d vLex Global (Academic Edition, excluding Law Schools)  |d vLex Global (Academic Edition, Law Schools) 
650 0 4 |a Derecho Civil  |z Estados Unidos 
740 0 |a vLex Revistas (Servicio en ln̕ea) 
856 4 0 |u https://vlex.com/source/32931  |z Acceso restringido 
942 |c REV 
999 0 |a Civil Law